Catálogo

Vista normal Vista MARC

Entrada Corporate Name

Número de registros utilizados en: 1

001 - CONTROL NUMBER

  • control field: 7716

003 - CONTROL NUMBER IDENTIFIER

  • control field: OSt

005 - DATE AND TIME OF LATEST TRANSACTION

  • control field: 20180716125737.0

008 - FIXED-LENGTH DATA ELEMENTS

  • fixed length control field: 880520n| azannaabn |a ana c

010 ## - LIBRARY OF CONGRESS CONTROL NUMBER

  • LC control number: 88002745

035 ## - SYSTEM CONTROL NUMBER

  • System control number: (OCoLC)oca02283284

040 ## - CATALOGING SOURCE

  • Original cataloging agency: MoSU-L
  • Language of cataloging: eng
  • Description conventions: rda
  • Transcribing agency: DLC
  • Modifying agency: DLC
  • Modifying agency: MCo
  • Modifying agency: DLC-S
  • Modifying agency: MWA
  • Modifying agency: OCoLC
  • Modifying agency: NN
  • Modifying agency: Mx-PuUPA

046 ## - SPECIAL CODED DATES

  • Start period: 1908

110 2# - HEADING--CORPORATE NAME

  • Corporate name or jurisdiction name as entry element: Houghton, Mifflin and Company,

370 ## - ASSOCIATED PLACE

  • Place of residence/headquarters: Boston (Mass.)
  • Source of term: naf

372 ## - FIELD OF ACTIVITY

  • Field of activity: Publishers and publishing
  • Source of term: lcsh

377 ## - ASSOCIATED LANGUAGE

  • Language code: eng

410 2# - SEE FROM TRACING--CORPORATE NAME

  • Corporate name or jurisdiction name as entry element: Houghton, Mifflin & Co.

510 2# - SEE ALSO FROM TRACING--CORPORATE NAME

  • Control subfield: b
  • Corporate name or jurisdiction name as entry element: Houghton Mifflin Company

510 2# - SEE ALSO FROM TRACING--CORPORATE NAME

  • Control subfield: a
  • Corporate name or jurisdiction name as entry element: Houghton, Osgood, and Company

670 ## - SOURCE DATA FOUND

  • Source citation: Biblioteca del Congreso (Estados Unidos), 03 julio 2018:
  • Information found: catálogo electrónico
  • Uniform Resource Identifier: https://goo.gl/J4zt3J

670 ## - SOURCE DATA FOUND

  • Source citation: Wheeler, H.N. Argument against the passage of the Loud Bill, 1897:
  • Information found: t.p. (Houghton, Mifflin and Company) t.p. verso (Houghton, Mifflin & Co.)

670 ## - SOURCE DATA FOUND

  • Source citation: Práctico Larousse ; español-inglés, english-spanish:
  • Information found: portada (Houghton Mifflin Company)

675 ## - SOURCE DATA NOT FOUND

  • Source citation: LC manual cat., 3/19/99: hdg: Houghton, Mifflin Company (in use after 1908?)

368 ## - OTHER ATTRIBUTES OF PERSON OR CORPORATE BODY

  • Type of corporate body: Business enterprises
  • Source: lcsh

953 ## -

  • : bz58